Science Quiz

Random Science Quiz

Name That Organelle Quiz Stats

 Plays Quiz not verified by Sporcle

Score 0/12 Timer 02:00
0 Plays Today
% Correct
Nucleus
94.7%
Mitochondria
86.2%
Lysosome
64.9%
Golgi Apparatus
50%
Ribosomes
48.9%
ER
46.8%
Cytoplasm
40.4%
Chloroplasts
29.8%
Vacuoles
26.6%
Plasma Membrane
21.3%
Nuclear Membrane
19.1%
Plasmids
9.6%

You're not logged in!

Compare scores with friends on all Sporcle quizzes.
OR
Log In

Show Comments

Extras

Created Oct 29, 2010ReportNominate
Tags:name, organelle

Top Quizzes Today


Score Distribution

Your Account Isn't Verified!

In order to create a playlist on Sporcle, you need to verify the email address you used during registration. Go to your Sporcle Settings to finish the process.

Report this User

Report this user for behavior that violates our Community Guidelines.

Details: